000 00644nam a2200217Ia 4500
003 IN-BaIIA
008 211028s9999 xx 000 0 eng d
020 _a978-0-470-58948-9
040 _cIIA Library
080 _a621.37
_bBAL
100 _aBalanis, Constantine A
_934934
245 0 _aAdvanced engineering electromagnetics
_cConstantine A. Balanis
250 _a2nd ed.
260 _aNew Jersey
_bJohn Wiley & Sons
_c2011
300 _axx, 1018p.
650 _aAdvanced engineering
_934935
650 _aElectromagnetic waves
_92401
650 _aElectromagnetism-Engineering
_934936
650 _aWave propagation
_93418
942 _cBK
999 _c18252
_d18252